Top 30 Ballon d'Or : 2023 - Statistiques

Statistiques générales
  • Ce quiz a été pris 48 fois
  • Le résultat moyen est 20 sur 30
Statistiques - réponses
Classement Pays Club Joueur % Correct
#2 NOR MAN CITY Erling Haaland
100%
#3 FRA PSG Kylian Mbappé
100%
#1 ARG INTER MIAMI Lionel Messi
100%
#4 BEL MAN CITY Kevin De Bruyne
98%
#10 CRO REAL MADRID Luka Modric
95%
#5 ESP MAN CITY Rodri
93%
#11 EGY LIVERPOOL Mohamed Salah
90%
#12 POL BARCELONE Robert Lewandowski
90%
#8 NIG NAPLES Viktor Osimhen
88%
#17 GEO NAPLES Khvicha Kvaratskhelia
83%
#6 BRE REAL MADRID Vinicius Jr
83%
#15 ARG ASTON VILLA Emiliano Martinez
80%
#20 ARG INTER Lautaro Martinez
80%
#19 ANG BAYERN MUNICH Harry Kane
68%
#21 FRA ATLETICO Antoine Griezmann
65%
#7 ARG MAN CITY Julian Alvarez
65%
#9 POR MAN CITY Bernardo Silva
63%
#29 NOR ARSENAL Martin Odegaard
63%
#22 JAP BAYERN MUNICH Kim Min-Jae
60%
#18 ANG REAL MADRID Jude Bellingham
58%
#13 MAR AL-HILAL Yassine Bounou
55%
#30 POR MAN CITY Ruben Dias
53%
#16 FRA AL-ITTIHAD Karim Benzema
48%
#25 CRO MAN CITY Josko Gvardiol
45%
#26 ALL BAYERN MUNICH Jamal Musiala
43%
#24 ANG ARSENAL Bukayo Saka
38%
#14 ALL BARCELONE Ilkay Gündogan
35%
#27 ITA INTER Nicolo Barella
33%
#28 FRA PSG Randal Kolo Muani
28%
#23 CAM MAN UNITED André Onana
20%
Aucun quiz correspondant
Distribution des résultats
% des personnes avec chaque résultat
Percentile par nombre de réponses
Votre historique - résultats
Vous n’avez pas pris ce quiz